000 00629nam a2200193 a 4500
005 20140310183454.0
008 090807s19uu xx 00 eng d
020 _a9780521735513
050 _aHC 59.7
_b.L63 2009
100 _aLin, Justin Yifu
245 _aEconomic development and transition :
_bthought, strategy, and viability /
260 _aU.S.A :
_bCambridge University Press,
_c2009.
300 _a170 p. :
_c25 cm.
521 _aBSBA
650 _aStructural adjustment (Economic policy)
_xDeveloping countries.
650 _aDeveloping countries
_xEconomic condition.
942 _cBK
_2lcc
_kFOR
999 _c23557
_d23557